বেগমের কূটনৈতিক মিশন ও অন্যান্য: (Record no. 11638)
[ view plain ]
| 000 -LEADER | |
|---|---|
| fixed length control field | 00750nam a22002171a 4500 |
| 001 - CONTROL NUMBER | |
| JCCL Control Number | 11638 |
| 003 - CONTROL NUMBER IDENTIFIER | |
| JCCL marc code | BD-JhCC |
| 005 - DATE AND TIME OF LATEST TRANSACTION | |
| control field | 20200713094436.0 |
| 008 - FIXED-LENGTH DATA ELEMENTS--GENERAL INFORMATION | |
| fixed length control field | 200713b2019 bg a|||| ||a| 000 0 ben d |
| 020 ## - INTERNATIONAL STANDARD BOOK NUMBER | |
| International Standard Book Number | 9789845250801 |
| 035 ## - SYSTEM CONTROL NUMBER | |
| system control number | (BD-JhCC)11638 |
| 040 ## - CATALOGING SOURCE | |
| Original cataloging agency | BD-JhCC |
| Modifying agency | BD-JhCC |
| 041 ## - LANGUAGE CODE | |
| Language code of Book | ben |
| 082 ## - DEWEY DECIMAL CLASSIFICATION NUMBER | |
| Author mark and Year | ALM 2019 |
| 100 ## - MAIN ENTRY--PERSONAL NAME | |
| Personal name | আলম, মাহবুব |
| 245 ## - TITLE STATEMENT | |
| Title | বেগমের কূটনৈতিক মিশন ও অন্যান্য: |
| Remainder of title | ইতিহাসের বিস্মৃত সরস কাহিনি / |
| Statement of responsibility, etc | মাহবুব আলম । |
| 260 ## - PUBLICATION, DISTRIBUTION, ETC. (IMPRINT) | |
| Place of publication, distribution, etc | ঢাকা: |
| Name of publisher, distributor, etc | প্রথমা প্রকাশন; |
| Date of publication, distribution, etc | ২০১৯. |
| 300 ## - PHYSICAL DESCRIPTION | |
| Pagination | 143 p. : |
| Other physical details | ill; |
| Dimensions | 22 cm. |
| 942 ## - ADDED ENTRY ELEMENTS (KOHA) | |
| Source of classification or shelving scheme | Dewey Decimal Classification |
| Koha item type | Books |
| Source of classification or shelving scheme | Damaged status | Not for loan | Home library | Current library | Shelving location | Date of accession | Cost, normal purchase price | Total Checkouts | Full call number | Barcode | Date last seen | Date checked out | Copy number | Method of acquisition | Koha item type | Currency |
|---|---|---|---|---|---|---|---|---|---|---|---|---|---|---|---|---|
| Dewey Decimal Classification | JCC Rouf Library | JCC Rouf Library | General Stacks | 07/13/2020 | 225.00 | 1 | 954.92 ALM 2019 | 15814 | 07/13/2025 | 07/01/2025 | C-1 | Purchase | Books | BDT |